000 00724nam a2200205 u 4500
001 000472693
003 AM-YeHGA
005 20250618072539.0
008 060130s2003 ai r 000 0 arm d
020 _a9993041386
040 _aAM-YeHGA
041 0 _aarm
100 1 _aՄանասերյան, Թաթուլ
245 1 0 _aՊատվիրաններ :
_bԲանաստեղծությունների ժողովածու /
_cԹ. Մանասերյան; Նկ.՝ Ա. Բայանդուր.
260 _aԵրևան :
_bՀեղ. հրատ. ,
_c2003.
300 _a82 էջ. ;
_c20 սմ.
650 1 4 _aՀայ գրականություն
_xՊոեզիա
700 1 _aԲայանդուր, Աշոտ,
_d1947-2003
_eնկ.
_4art
_93176
090 _c174408
999 _c172967
_d172967